Future Albums - Statistics

General Stats
  • This quiz has been taken 74 times
  • The average score is 8 of 12
Answer Stats
Release Date Album % Correct
July 17, 2015 DS2
92%
March 22, 2024 We Don't Trust You
92%
April 12, 2024 We Still Don't Trust You
88%
February 17, 2017 Future
80%
February 24, 2017 HNDRXX
75%
April 29, 2022 I Never Liked You
72%
April 13, 2012 Pluto
63%
May 15, 2020 High Off Life
61%
January 18, 2019 The Wizrd
56%
February 16, 2016 Evol
53%
November 13, 2020 Pluto X Baby Pluto
48%
April 22, 2014 Honest
39%
No matching quizzes found
Score Distribution
Percent of People with Each Score
Percentile by Number Answered
Your Score History
You have not taken this quiz